Culture Générale - Série 284 - Statistiques

Statistiques générales
  • Ce quiz a été pris 293 fois
  • Le résultat moyen est 7 sur 10
Statistiques - réponses
Question Réponse % Correct
Avec quel pays les Etats-Unis partagent-ils les chutes du Niagara ? Le Canada
96%
Quel fromage entre dans la recette traditionnelle de la salade grecque ? La feta
94%
Selon la formule consacrée, quelle est l'heure du crime dans les romans policiers ? Minuit
89%
Dans quel pays l'actrice Cécile de France est-elle née ? La Belgique
86%
Au cinéma, à quel acteur Clovis Cornillac a-t-il succédé dans le rôle d'Astérix ? Christian Clavier
75%
Quel dieu romain a porté Bacchus dans sa cuisse jusqu'à sa naissance ? Jupiter
70%
Quel nom de légume donne-t-on à l'enseigne rouge des bureaux de tabac ? Carotte
69%
Quel célèbre lieutenant de série répète souvent : "Quand je vais dire ça à ma femme" ? Columbo
66%
Avec qui Félix Gray chante-t-il "A toutes les filles" en 1990 ? Didier Barbelivien
46%
Comment appelle-t-on les deux os qui forment les mâchoires ? Les maxillaires
37%
Aucun quiz correspondant
Distribution des résultats
% des personnes avec chaque résultat
Percentile par nombre de réponses
Votre historique - résultats
Vous n’avez pas pris ce quiz